000 00642nam a2200229Ia 4500
008 160319s9999 xx 000 0 und d
020 _a9789712727344
050 _aFil 899.2103007
050 _bD278t
100 _ade Rivera, Lina B.
245 _aTeaching Philippine novels :
245 _ban Anvil guide /
245 _cLina B. Diaz de Rivera.
260 _aMandaluyong City :
260 _bAnvil Pub. Inc.
260 _c2012
300 _a102 pages :
300 _billustrations ;
300 _c18 cm.
650 _aPhilippine literature -- Study and teaching.
650 _xPhilippine fiction -- Study and teaching.
999 _c292346
_d292346